Η διδασκαλία της ιστορίας στην εκπαίδευση

Αποθηκεύτηκε σε:
Λεπτομέρειες βιβλιογραφικής εγγραφής
Κύριος συγγραφέας: Καραγεώργος, Βασίλειος Στ
Μορφή: Βιβλίο
Γλώσσα:Greek
Δημοσίευση: Αθήναι : [χ.ό.], 2005.
Θέματα:
Ετικέτες: Προσθήκη ετικέτας
Δεν υπάρχουν, Καταχωρήστε ετικέτα πρώτοι!

MARC

LEADER 00000cam a2200000 i 4500
001 1/34828
008 060925s2005 gr | ||| |||| ||gre||
035 |l 10085342 
040 |a GR-MY-UA  |b gre  |e aacr 
041 0 |a gre 
082 7 |a 370.9495   |2 (22) 
100 1 |a Καραγεώργος, Βασίλειος Στ. 
245 1 2 |a Η διδασκαλία της ιστορίας στην εκπαίδευση   |h [ανάτυπο] /   |c Βασίλειος Στυλ. Καραγεώργος.  
260 |a Αθήναι :   |b [χ.ό.],   |c 2005.  
300 |a 32 σ. ;   |c 24 εκ. 
500 |a "Ανάτυπον εκ του ΜΖ' τόμου (2005) του περιοδικού "Παρνασσός".  
650 0 0 |a History  |x Study and teaching  |z Greece. 
650 0 0 |a Education  |z Greece  |x History. 
852 |a INST  |b RHODES  |e 20060925  |h 370.9495 ΚΑΡ  |p 005400024341  |q 005400024341  |t BK  |y 12 
852 |a INST  |b RHODES  |e 20120524  |h 370.9495 ΚΑΡ  |p 005400024833  |q 005400024833  |t BK  |y 0 
901 |a BIBL4-2006-2 
970 |a ΚΟΖΑ  |b ΜΑΡΙΑ  |z 2006/09/25